| 000 | 01793nam a2200397Ia 4500 | ||
|---|---|---|---|
| 001 | ebr10256100 | ||
| 003 | CaPaEBR | ||
| 006 | m u | ||
| 007 | cr cn||||||||| | ||
| 008 | 070329s2007 maub sb 000 0 eng d | ||
| 010 | _z 2007013411 | ||
| 020 | _z9780807069073 | ||
| 020 | _z9780807069066 (acid-free paper) | ||
| 020 | _z080706906X (acid-free paper) | ||
| 040 |
_aCaPaEBR _cCaPaEBR |
||
| 035 | _a(OCoLC)471131903 | ||
| 050 | 1 | 4 |
_aDS110.W47 _bW56 2007eb |
| 100 | 1 | _aWinslow, Philip C. | |
| 245 | 1 | 0 |
_aVictory for us is to see you suffer _h[electronic resource] : _bin the West Bank with the Palestinians and the Israelis / _cPhilip C. Winslow. |
| 260 |
_aBoston : _bBeacon Press, _cc2007. |
||
| 300 |
_axxiii, 224 p. : _bmap. |
||
| 504 | _aIncludes bibliographical references. | ||
| 533 |
_aElectronic reproduction. _bPalo Alto, Calif. : _cebrary, _d2009. _nAvailable via World Wide Web. _nAccess may be limited to ebrary affiliated libraries. |
||
| 610 | 2 | 0 |
_aUnited Nations Relief and Works Agency for Palestine Refugees in the Near East _xEmployees. |
| 650 | 0 |
_aMilitary occupation _xSocial aspects _zWest Bank. |
|
| 650 | 0 |
_aPalestinian Arabs _zWest Bank _xSocial conditions _y21st century. |
|
| 650 | 0 |
_aIsraelis _zWest Bank _xSocial conditions _y21st century. |
|
| 650 | 0 |
_aJews _xColonization _xGovernment policy _zWest Bank. |
|
| 650 | 0 |
_aArab-Israeli conflict _y1993- _xOccupied territories. |
|
| 651 | 0 |
_aWest Bank _xSocial conditions _y21st century. |
|
| 651 | 0 |
_aWest Bank _xPolitics and government _y21st century. |
|
| 651 | 0 |
_aWest Bank _xEthnic relations. |
|
| 655 | 7 |
_aElectronic books. _2local |
|
| 710 | 2 | _aebrary, Inc. | |
| 856 | 4 | 0 |
_uhttp://site.ebrary.com/lib/rucke/Doc?id=10256100 _zAn electronic book accessible through the World Wide Web; click to view |
| 999 |
_c14485 _d14485 |
||